000 00528nam a2200217Ia 4500
003 OSt
005 20140311163106.0
008 140130s9999 xx 000 0 und d
020 _a043943680X
050 _aPZ 7
_b.B17428Br 2002
100 _aBaker, Ken
_931350
245 _aBrave Little Monster /
_cKen Baker.
260 _bScholastic,
_c2001.
_aNew York :
300 _a20 p. :
_bcol. ill. ;
_c26 cm.
440 _v1
_931174
521 _aG2
526 _c490
942 _cBK
_2lcc
999 _c40489
_d40489